00306nam a2200121Ia 4500008004100000020001500041041001200056100001800068245005100086260002900137300000800166650001000174221030s9999 xx 000 0 und d a8123904533 aEnglish aN. W. Gokhale 0aTheory of Structural Geologycby N. W. Gokhale bCBS PubaNew Delhic2010 a224 aCivil